00420 a2200097 4500082001100000100001700011245008700028260008100115300003400196500009200230 aMSIT-8 aSomia Razzaq aSecure web service transportation system for HL7 version 3 messages cSomia Razzaq aIslamabadbNUST School of Electrical Engineering and Computer Sciencec2011. a141p.b:ill.c;27cm.+eCD-ROM aSupervisors: Dr. Hafiz Farooq Ahmad, Dr. Fauzan Mirza, Dr. Amir Hayat, Ms. Samin Khaliq